000 00837nam a2200313 a 4500
003 AR-BaBNM
005 20251128205918.0
008 082120s2002 ||||||||||||||000 | spa||
020 _a84-276-0684-1
040 _cAR-BaBNM
100 1 _aAlberoni, Francesco
245 0 0 _aMovimiento e institución
_bteoría general
260 _aMadrid
_bNacional
_c1984
300 _a567 p.
_bgráfs.
490 0 _aCultura y sociedad. teoría y método
650 4 _aSOCIOLOGIA
650 4 _aSIGLO VEINTE
650 4 _aSOCIOLOGIA POLITICA
650 4 _aHISTORIA SOCIAL
650 4 _aIDEOLOGIAS
650 4 _aCAPITALISMO
650 4 _aTEORIA ECONOMICA
650 4 _aESTADO
653 _aFORMAS DE GOBIERNO
700 1 _aSuárez, Marcial
_etraductor
800 1 _aVidal Beneyto, José
_edirector
942 _cBK
998 _cMariana
999 _c13269
_d13269